| 000 | 01031nam a2200301Ia 4500 | ||
|---|---|---|---|
| 003 | OSt | ||
| 005 | 20221007124916.0 | ||
| 006 | a|||||r|||| 00| 0 | ||
| 007 | ta | ||
| 008 | 221006b |||||||| |||| 00| 0 eng d | ||
| 020 | _a9781849735674 (hbk) | ||
| 024 | _a199157 | ||
| 037 |
_b1776, 12/03/2018, Indica Publishers & Distributors Pvt. Ltd. _cTextual |
||
| 040 |
_aCDL _cCDL _beng |
||
| 041 |
_2eng _aeng |
||
| 082 | _aC21:(D), Q2 Carc | ||
| 100 |
_aMittal Vikas Ed. _9716512 |
||
| 245 | 0 | _aPolymer-graphene nanocomposites | |
| 260 |
_aCambridge _bRoyal Society of Chemistry _c2012 |
||
| 300 |
_axi, 267p. ill. _ccm. |
||
| 490 | _aRSC Nanosciences & nanotechnology No.26 | ||
| 500 | _aIncluded references.; Subject index 252-267p. | ||
| 650 |
_a Graphene oxide _9720944 |
||
| 650 |
_a Living polymerization _9720945 |
||
| 650 | _aChemistry | ||
| 942 |
_hC21:(D), Q2 Carc _cTEXL _2CC |
||
| 999 |
_c1214358 _d1214358 |
||